[Event "SVK-chT4 A22 1718"]
[Site "Slovakia"]
[Date "2017.10.29"]
[Round "3.5"]
[White "Sandor, Stefan"]
[Black "Magyarics, Jozef"]
[Result "1-0"]
[WhiteElo "1635"]
[BlackElo "1668"]
[PlyCount "64"]
[EventDate "2017.10.01"]
[EventType "team-tourn"]
[EventRounds "11"]
[EventCountry "SVK"]
[SourceTitle "EXT 2020"]
[Source "ChessBase"]
[SourceDate "2019.10.17"]
[SourceVersion "1"]
[SourceVersionDate "2019.10.17"]
[SourceQuality "1"]

1. e4 e5 2. Nf3 Nc6 3. Bc4 Bc5 4. d3 Nf6 5. 0-0 h6 6. Nc3 d6 7. h3 Be6 8. Bb5 Qd7 9. Na4 Bb6 10. Nxb6 axb6 11. a3 0-0 12. c3 Bxh3 13. gxh3 Qxh3 14. Nh2 Nh5 15. Qf3 Qh4 16. Qg4 Qxg4+ 17. Nxg4 Ne7 18. Bc4 Kh8 19. f4 f5 20. exf5 exf4 21. Bxf4 Rxf5 22. Bd2 Raf8 23. Rxf5 Rxf5 24. Rf1 Ng3 25. Rxf5 Nexf5 26. Be6 h5 27. Ne3 Ne2+ 28. Kf2 Nfg3 29. Nf1 h4 30. Nxg3 Nxg3 31. Bg5 Nh5 32. Bf5 Kg8 1-0

[Event "SVK-chT3A2 0607"]
[Site "Slovakia"]
[Date "2007.01.28"]
[Round "7"]
[White "Danis, Jozef"]
[Black "Magyarics, Jozef"]
[Result "1-0"]
[WhiteElo "1756"]
[BlackElo "1546"]
[PlyCount "55"]
[EventDate "2006.10.08"]
[EventType "team-tourn"]
[EventRounds "11"]
[EventCountry "SVK"]
[SourceTitle "EXT 2008"]
[Source "ChessBase"]
[SourceDate "2007.11.25"]
[SourceVersion "1"]
[SourceVersionDate "2007.11.25"]
[SourceQuality "1"]
[WhiteTeam "Galanta"]
[BlackTeam "Velky Meder"]
[WhiteTeamCountry "SVK"]
[BlackTeamCountry "SVK"]

1. d4 f5 2. c4 e6 3. Nf3 Nf6 4. Bg5 Be7 5. Nc3 d6 6. e3 Nbd7 7. Bd3 0-0 8. Qc2 Nb6 9. 0-0-0 Bd7 10. h4 Qe8 11. Bxf6 Bxf6 12. g4 Bc6 13. e4 Qg6 14. exf5 exf5 15. Bxf5 Qf7 16. d5 Bd7 17. Bxh7+ Kh8 18. Bg6 Qe7 19. Rde1 Qd8 20. Ng5 Bxg5+ 21. hxg5+ Kg8 22. Bh7+ Kh8 23. Bf5+ Kg8 24. Bh7+ Kh8 25. f4 Rxf4 26. Qh2 Qxg5 27. Bg6+ Qh6 28. Qxf4 1-0